| 000 | 00522nam a2200145Ia 4500 | ||
|---|---|---|---|
| 008 | 100204s9999 xx 000 0 und d | ||
| 082 | _b11727 | ||
| 100 | _aजागीरदार मंदाकिनी | ||
| 245 | _aआता कोठे धावे मन | ||
| 260 |
_b"विश्वभारती प्रकाशन , नागपुर" _c1988 |
||
| 300 | _a70 | ||
| 630 | _aआता कोठे धावे मन | ||
| 730 | _aआता कोठे धावे मन | ||
| 942 | _cBOOK | ||
| 999 |
_c456139 _d456136 |
||